00247nam a22000977a 4500020002200000040001400022082002000036100001700056245006600073300001000139 a978-1-910952-00-9 cOneReason a297.122 T3741 Z aAbu Zakariya aThe Eternal ChallengebA Journey Through The Miraculous Quran a161p.